[Event "Open A Zadar 2016"]
[Site "Zadar"]
[Date "2016.12.14"]
[Round "6.2"]
[White "Zelcic, Robert"]
[Black "Palac, Mladen"]
[Result "1/2-1/2"]
[WhiteElo "2496"]
[BlackElo "2601"]
[PlyCount "21"]
[EventDate "2016.12.11"]
[EventCountry "CRO"]
[WhiteClock "0:01:28"]
[BlackClock "0:01:34"]

1. e4 c6 2. d4 d5 3. Nc3 g6 4. Nf3 Bg4 5. Be2 Bg7 6. exd5 cxd5 7. O-O Nc6 8.
Be3 Nh6 9. h3 Bxf3 10. Bxf3 e6 11. Bxh6 1/2-1/2

[Event "Open A Zadar 2016"]
[Site "Zadar"]
[Date "2016.12.14"]
[Round "6.3"]
[White "Stevic, Hrvoje"]
[Black "Dragnev, Valentin"]
[Result "1/2-1/2"]
[WhiteElo "2600"]
[BlackElo "2475"]
[PlyCount "114"]
[EventDate "2016.12.11"]
[EventCountry "CRO"]
[BlackClock "0:00:04"]

1. e4 e5 2. Nf3 Nc6 3. Bb5 a6 4. Ba4 Nf6 5. O-O Be7 6. d3 b5 7. Bb3 d6 8. a3
O-O 9. Nc3 Nb8 10. Ne2 Nbd7 11. Ng3 Nc5 12. Ba2 Be6 13. Be3 Bxa2 14. Rxa2 Ne6
15. d4 Ng4 16. Bc1 exd4 17. Nxd4 Nxd4 18. Qxd4 Bf6 19. Qd1 Ne5 20. Nh5 Re8 21.
f3 Qe7 22. b3 Rad8 23. Bb2 Nd7 24. Nxf6+ Nxf6 25. a4 d5 26. e5 Nd7 27. axb5
Qc5+ 28. Qd4 Qxd4+ 29. Bxd4 axb5 30. f4 c5 31. Bf2 g5 32. Ra7 d4 33. Rc7 Nf8
34. Rxc5 Ne6 35. Rxb5 Nxf4 36. Bg3 Ne2+ 37. Kf2 d3 38. cxd3 Nc3 39. Rb6 Rxd3
40. Re1 h5 41. Rd6 Ne4+ 42. Ke2 Rxg3 43. Rd4 Nc3+ 44. Kd2 Nb5 45. Rd5 Rxb3 46.
Kc2 Rb4 47. e6 Rc8+ 48. Kd3 Rc3+ 49. Ke2 Nd4+ 50. Kd2 Ra3 51. e7 Rb2+ 52. Kc1
Rc2+ 53. Kb1 Rb3+ 54. Ka1 Ra3+ 55. Kb1 Rb3+ 56. Ka1 Ra3+ 57. Kb1 Rb3+ 1/2-1/2

[Event "Open A Zadar 2016"]
[Site "Zadar"]
[Date "2016.12.14"]
[Round "6.4"]
[White "Li, Di"]
[Black "Brkic, Ante"]
[Result "1/2-1/2"]
[WhiteElo "2434"]
[BlackElo "2569"]
[PlyCount "46"]
[EventDate "2016.12.11"]
[EventCountry "CRO"]
[WhiteClock "0:00:08"]
[BlackClock "0:00:15"]

1. d4 Nf6 2. c4 e6 3. Nf3 d5 4. Nc3 Bb4 5. Bg5 dxc4 6. e4 c5 7. Bxc4 cxd4 8.
Nxd4 Bxc3+ 9. bxc3 Qa5 10. Bb5+ Bd7 11. Bxf6 gxf6 12. Qb3 Bxb5 13. Nxb5 O-O 14.
O-O Nc6 15. Rad1 Rfd8 16. Nd6 Rab8 17. Rd3 Kf8 18. Rfd1 Qc5 19. a4 a6 20. h3
Ne5 21. Rd4 Nc6 22. R4d3 Ne5 23. Rd4 Nc6 1/2-1/2

[Event "Open A Zadar 2016"]
[Site "Zadar"]
[Date "2016.12.14"]
[Round "6.5"]
[White "Jovanic, Ognjen"]
[Black "Xu, Xiangyu"]
[Result "1/2-1/2"]
[WhiteElo "2477"]
[BlackElo "2467"]
[PlyCount "95"]
[EventDate "2016.12.11"]
[EventCountry "CRO"]
[WhiteClock "0:00:04"]
[BlackClock "0:00:01"]

1. d4 Nf6 2. Nf3 g6 3. Bf4 Bg7 4. c3 b6 5. e3 Bb7 6. Be2 c5 7. a4 d6 8. a5 O-O
9. O-O Nbd7 10. h3 Bc6 11. axb6 axb6 12. Na3 Qc8 13. Bh2 Qb7 14. Bb5 Nd5 15.
Qe2 Nc7 16. Bxc6 Qxc6 17. Rfd1 b5 18. dxc5 Qxc5 19. Nc2 Nb6 20. Nb4 Qc4 21. Kf1
Rfc8 22. Nd3 Rxa1 23. Rxa1 Na4 24. Nd2 Qe6 25. e4 Nxb2 26. Nxb2 Bxc3 27. Nb1
Bd4 28. Ra3 b4 29. Rd3 Nb5 30. Rd1 Qd7 31. Nd3 b3 32. Ne1 e5 33. f4 Qb7 34. Bg1
Bxg1 35. Kxg1 Nd4 36. Qe3 b2 37. fxe5 dxe5 38. Kh2 Qb6 39. Nf3 Rc1 40. Qd3 Qf6
41. Ng1 Qf2 42. Na3 h6 43. Qd2 Qxd2 44. Rxd2 Nc2 45. Nf3 f6 46. Nh4 g5 47. Nf5
h5 48. Kg3 1/2-1/2

[Event "Open A Zadar 2016"]
[Site "Zadar"]
[Date "2016.12.14"]
[Round "6.6"]
[White "Klekowski, Maciej"]
[Black "Schreiner, Peter"]
[Result "1/2-1/2"]
[WhiteElo "2448"]
[BlackElo "2472"]
[PlyCount "56"]
[EventDate "2016.12.11"]
[EventCountry "CRO"]

1. c4 Nf6 2. Nc3 d5 3. cxd5 Nxd5 4. g3 g6 5. Bg2 Nxc3 6. bxc3 Bg7 7. Rb1 Nc6 8.
Qc2 Qd7 9. Nf3 b6 10. d4 Bb7 11. O-O O-O 12. Rd1 Rad8 13. Bf4 Qc8 14. e4 Rfe8
15. Rbc1 Na5 16. c4 Qa8 17. d5 c6 18. Bd2 cxd5 19. cxd5 e6 20. Bxa5 bxa5 21.
dxe6 Rxe6 22. Qc7 Bf6 23. e5 Bxf3 24. Rxd8+ Bxd8 25. Bxf3 Bxc7 26. Bxa8 Bxe5
27. Re1 Kf8 28. Kg2 Re7 1/2-1/2

[Event "Open A Zadar 2016"]
[Site "Zadar"]
[Date "2016.12.14"]
[Round "6.7"]
[White "Saric, Ante"]
[Black "Markoja, Boris"]
[Result "1/2-1/2"]
[WhiteElo "2547"]
[BlackElo "2366"]
[PlyCount "30"]
[EventDate "2016.12.11"]
[EventCountry "CRO"]
[WhiteClock "0:01:00"]
[BlackClock "0:01:24"]

1. Nf3 c5 2. c4 g6 3. d4 cxd4 4. Nxd4 Nc6 5. e4 Nf6 6. Nc3 d6 7. Be2 Nxd4 8.
Qxd4 Bg7 9. Be3 O-O 10. Qd2 a5 11. Rd1 a4 12. O-O Qa5 13. Bd4 Bd7 14. c5 e5 15.
Be3 dxc5 1/2-1/2

[Event "Open A Zadar 2016"]
[Site "Zadar"]
[Date "2016.12.14"]
[Round "6.8"]
[White "Djurovic, Goran"]
[Black "Sebenik, Matej"]
[Result "0-1"]
[WhiteElo "2396"]
[BlackElo "2541"]
[PlyCount "94"]
[EventDate "2016.12.11"]
[EventCountry "CRO"]
[WhiteClock "0:00:15"]
[BlackClock "0:00:03"]

1. b3 e5 2. c4 Nf6 3. Bb2 Nc6 4. e3 d5 5. cxd5 Nxd5 6. a3 g6 7. Qc2 Bg7 8. Nf3
O-O 9. d3 Re8 10. Be2 Bf5 11. O-O e4 12. dxe4 Bxe4 13. Qc1 Bxf3 14. Bxf3 Bxb2
15. Qxb2 Ne5 16. Bxd5 Qxd5 17. Nc3 Qe6 18. Ne2 Rad8 19. Nd4 Qb6 20. Qc2 c5 21.
Ne2 Qa5 22. b4 cxb4 23. axb4 Qxb4 24. Nd4 a6 25. Rfb1 Qe7 26. Qe4 Rd7 27. h3
Rc7 28. Rb3 Nc6 29. Qxe7 Rexe7 30. Rxb7 Rxb7 31. Nxc6 Red7 32. Rxa6 Rb1+ 33.
Kh2 Rd2 34. Ra4 Rxf2 35. Rf4 Re2 36. Ne5 Rbb2 37. Rg4 h5 38. Rg3 Rb3 39. Nxg6
fxg6 40. Rxg6+ Kh7 41. Rg5 Kh6 42. h4 Rbxe3 43. Rg8 Re4 44. Kh3 Rg4 45. Rh8+
Kg7 46. Rxh5 Rexg2 47. Rh7+ Kxh7 0-1

[Event "Open A Zadar 2016"]
[Site "Zadar"]
[Date "2016.12.14"]
[Round "6.9"]
[White "Swayams, Mishra"]
[Black "Halvax, Georg"]
[Result "1/2-1/2"]
[WhiteElo "2473"]
[BlackElo "2395"]
[PlyCount "51"]
[EventDate "2016.12.11"]
[EventCountry "CRO"]
[WhiteClock "0:01:39"]
[BlackClock "0:01:29"]

1. d4 d5 2. c4 e6 3. Nf3 Nf6 4. Bg5 Bb4+ 5. Nc3 Nbd7 6. e3 c5 7. cxd5 exd5 8.
Bd3 Qa5 9. Qc2 c4 10. Bf5 O-O 11. O-O Re8 12. Nd2 g6 13. Bh3 Kg7 14. Bh4 Nb6
15. Nb3 cxb3 16. axb3 Bxc3 17. Rxa5 Bxa5 18. Bxf6+ Kxf6 19. Qc5 Bxh3 20. gxh3
Bd2 21. Rd1 Bxe3 22. fxe3 Rxe3 23. Qc7 Kg7 24. Rf1 Rf8 25. Qxb7 Rxb3 26. Qxa7
1/2-1/2

[Event "Open A Zadar 2016"]
[Site "Zadar"]
[Date "2016.12.14"]
[Round "6.10"]
[White "Mencinger, Vojko"]
[Black "Livaic, Leon"]
[Result "1/2-1/2"]
[WhiteElo "2356"]
[BlackElo "2451"]
[PlyCount "162"]
[EventDate "2016.12.11"]
[EventCountry "CRO"]

1. Nf3 Nf6 2. d4 e6 3. g3 b5 4. Bg2 Bb7 5. O-O d5 6. b3 Nbd7 7. c4 bxc4 8. bxc4
dxc4 9. Qa4 Bd6 10. Qxc4 O-O 11. Bf4 Bxf4 12. gxf4 c5 13. dxc5 Rc8 14. Qb4 Nxc5
15. Nc3 a5 16. Qa3 Nfd7 17. Nb5 Qb6 18. Nbd4 Be4 19. Rac1 Nf6 20. Rc4 Bd5 21.
Rc2 Nce4 22. Rb2 Qc7 23. Ne5 Qc3 24. Qxc3 Nxc3 25. Bxd5 Nfxd5 26. Nec6 Rfe8 27.
Rc2 f6 28. Nxa5 Nxf4 29. e3 Nfd5 30. Ndc6 Ra8 31. Rfc1 Ne4 32. a3 Ra6 33. f3
Nd6 34. e4 Nf4 35. Rd1 Nf7 36. Rd7 Ng6 37. Rb7 Rea8 38. Kf2 h5 39. Rc5 Nfe5 40.
Rc3 Nxc6 41. Nxc6 Rxa3 42. Rxa3 Rxa3 43. Nd4 Ra2+ 44. Ke3 e5 45. Ne6 Nf4 46.
Nxf4 exf4+ 47. Kxf4 Rxh2 48. Kf5 Kh7 49. e5 fxe5 50. Kxe5 Kh6 51. Kf4 Rg2 52.
Rb8 Ra2 53. Rh8+ Kg6 54. Rb8 Ra4+ 55. Kg3 Ra6 56. Rb5 Kh6 57. Rb8 g5 58. Rh8+
Kg6 59. Rg8+ Kf5 60. Rb8 h4+ 61. Kh3 Rf6 62. Rb4 Re6 63. Rc4 Re3 64. Kg2 Re2+
65. Kg1 Ra2 66. Rb4 h3 67. Rc4 Rg2+ 68. Kf1 Rg3 69. Kf2 Rg2+ 70. Kf1 Ra2 71.
Kg1 Rb2 72. Ra4 Rg2+ 73. Kf1 Rg3 74. Kf2 h2 75. Ra5+ Kf4 76. Ra4+ Ke5 77. Ra5+
Kd4 78. Ra4+ Kd3 79. Ra3+ Kd4 80. Ra4+ Ke5 81. Ra5+ Kf6 1/2-1/2

[Event "Open A Zadar 2016"]
[Site "Zadar"]
[Date "2016.12.14"]
[Round "6.11"]
[White "Rezan, Sasa"]
[Black "Xiang, Zeyu"]
[Result "0-1"]
[WhiteElo "2437"]
[BlackElo "2310"]
[PlyCount "194"]
[EventDate "2016.12.11"]
[EventCountry "CRO"]

1. d4 d5 2. Nf3 Nf6 3. c4 c6 4. Nc3 e6 5. Bg5 Nbd7 6. cxd5 exd5 7. e3 Be7 8.
Qc2 O-O 9. Bd3 Re8 10. h3 c5 11. dxc5 Nxc5 12. O-O h6 13. Bxf6 Bxf6 14. Rfd1
Bxc3 15. Qxc3 Qb6 16. Qd4 Be6 17. Rac1 Rac8 18. Rc3 Nd7 19. Rdc1 Rxc3 20. Qxc3
Nf6 21. Nd4 Bd7 22. Qb3 Qxb3 23. axb3 Rc8 24. Rxc8+ Bxc8 25. Nb5 Bd7 26. Nxa7
Ne4 27. Bb5 Bf5 28. Ba4 Nd6 29. Nb5 Nxb5 30. Bxb5 Kf8 31. Kf1 Ke7 32. Ke2 Be4
33. f3 Bc2 34. b4 Bf5 35. g4 Bc8 36. Kd3 Kd6 37. Kd4 b6 38. Ba4 Bb7 39. h4 g5
40. h5 f6 41. Bc2 Ba6 42. Bb3 Bb7 43. b5 Ba8 44. Bc2 Bb7 45. Bh7 Ke6 46. Bg8+
Kd6 47. Bf7 Ba8 48. Be8 Bb7 49. Bc6 Bc8 50. Bxd5 Bd7 51. Bc4 Bc8 52. Be2 Bd7
53. Bd3 Be8 54. f4 Bd7 55. f5 Be8 56. Bc4 Bd7 57. e4 Be8 58. b3 Bd7 59. b4 Be8
60. Bd3 Bd7 61. Bc4 Be8 62. Bf1 Bd7 63. Bc4 Be8 64. e5+ fxe5+ 65. Ke4 Bd7 66.
Be2 Bc8 67. Bc4 Bb7+ 68. Ke3 Bc8 69. Be2 Bd7 70. Ke4 Bc8 71. Bc4 Bb7+ 72. Ke3
Bc8 73. Bf1 Bd7 74. Be2 Bc8 75. Bf3 Ke7 76. Bc6 Kf7 77. Ke4 Kf6 78. Ke3 Kf7 79.
Kd3 Ke7 80. Kc4 Kf6 81. Kd3 Ke7 82. Ke2 Kf6 83. Kf2 Kf7 84. Kf3 Ke7 85. Ke4 Kf6
86. Kd3 Ke7 87. Kc4 Kf6 88. Be4 Bd7 89. Bd3 Bc8 90. Kd5 Bb7+ 91. Kd6 Bf3 92.
Kc7 e4 93. Bc4 e3 94. Kxb6 e2 95. Bxe2 Bxe2 96. Ka5 Bxg4 97. b6 Bf3 0-1

[Event "Open A Zadar 2016"]
[Site "Zadar"]
[Date "2016.12.14"]
[Round "6.12"]
[White "Bubalovic, Davorin"]
[Black "Kreisl, Robert"]
[Result "1/2-1/2"]
[WhiteElo "2229"]
[BlackElo "2436"]
[PlyCount "39"]
[EventDate "2016.12.11"]
[EventCountry "CRO"]

1. e4 c6 2. d4 d5 3. Nc3 dxe4 4. Nxe4 Bf5 5. Ng3 Bg6 6. h4 h6 7. Nf3 Nd7 8. h5
Bh7 9. Bd3 Bxd3 10. Qxd3 e6 11. Bd2 Ngf6 12. O-O-O Be7 13. Kb1 Qb6 14. Ne4 Rd8
15. Bc3 Nxe4 16. Qxe4 Nf6 17. Qe1 Qb5 18. Ne5 Nd7 19. Nxd7 Rxd7 20. d5 1/2-1/2

[Event "Open A Zadar 2016"]
[Site "Zadar"]
[Date "2016.12.14"]
[Round "6.13"]
[White "Stopa, Jacek"]
[Black "Piskur, Mitja"]
[Result "1-0"]
[WhiteElo "2479"]
[BlackElo "2285"]
[PlyCount "129"]
[EventDate "2016.12.11"]
[EventCountry "CRO"]

1. d4 f5 2. Bg5 h6 3. Bh4 g5 4. e3 Nf6 5. Bg3 d6 6. Nc3 e6 7. h4 Rg8 8. Bc4 Qe7
9. hxg5 hxg5 10. Qe2 Bd7 11. Qf3 d5 12. Bf1 Kd8 13. Qe2 a6 14. Nf3 Nc6 15. Ne5
Nxe5 16. Bxe5 Ng4 17. Bg3 Qf7 18. a3 b5 19. Qd2 Be7 20. Be2 Nf6 21. Be5 Qf8 22.
f3 Bc6 23. Na2 Nd7 24. Bh2 f4 25. Nb4 Bb7 26. Nd3 Bd6 27. exf4 Rh8 28. O-O-O
Nb6 29. Ne5 Nc4 30. Bxc4 Bxe5 31. fxe5 dxc4 32. Qxg5+ Kc8 33. Qf6 Bd5 34. Qxf8+
Rxf8 35. Bg1 Rg8 36. Rd2 Kb7 37. Be3 a5 38. c3 Kc6 39. Rf2 b4 40. Kc2 Rab8 41.
Bc1 Kb5 42. axb4 axb4 43. cxb4 Rbf8 44. Rh5 Ra8 45. Rh7 Kb6 46. Kd2 Ra1 47. Rh1
Kb5 48. Ke3 Ra2 49. Rh7 Ra1 50. Rc2 Kxb4 51. Rxc7 Rh8 52. Rc5 Rh1 53. Bd2+ Kb3
54. Rc3+ Kxb2 55. R3xc4 Bxc4 56. Rxc4 Rag1 57. Kf2 Rd1 58. Bg5 Rhf1+ 59. Kg3
Kb3 60. Rc6 Rxd4 61. Rxe6 Kc4 62. Re8 Rd5 63. Kg4 Rg1 64. g3 Kd4 65. f4 1-0

[Event "Open A Zadar 2016"]
[Site "Zadar"]
[Date "2016.12.14"]
[Round "6.14"]
[White "Stefanov, Emil"]
[Black "Guttenthaler, Franz"]
[Result "1/2-1/2"]
[WhiteElo "2484"]
[BlackElo "2268"]
[PlyCount "94"]
[EventDate "2016.12.11"]
[EventCountry "CRO"]
[WhiteClock "0:00:01"]
[BlackClock "0:00:01"]

1. Nf3 Nf6 2. c4 e6 3. Nc3 Bb4 4. Qc2 c5 5. a3 Bxc3 6. Qxc3 b6 7. b4 d6 8. Bb2
Bb7 9. e3 Nbd7 10. Be2 Rc8 11. Rg1 O-O 12. b5 e5 13. d3 Re8 14. Nd2 Nf8 15. g4
d5 16. g5 d4 17. Qc2 N6d7 18. Ne4 Bxe4 19. dxe4 Ne6 20. h4 f6 21. O-O-O fxg5
22. hxg5 Nxg5 23. Bg4 Rc7 24. f4 Ne6 25. Qh2 Ndf8 26. fxe5 g6 27. Kb1 Qa8 28.
Qc2 a6 29. a4 axb5 30. axb5 Rd8 31. Rgf1 Re7 32. Rf6 Qb8 33. Qh2 Qb7 34. Qc2
Qb8 35. exd4 cxd4 36. Bxe6+ Nxe6 37. Qh2 Qa8 38. Qg2 Qb8 39. Qg3 Ree8 40. Rg1
Rd7 41. Ba3 Rf7 42. Rgf1 Rxf6 43. exf6 Qxg3 44. f7+ Kg7 45. fxe8=Q Qd3+ 46. Kb2
Qc3+ 47. Kb1 Qd3+ 1/2-1/2

[Event "Open A Zadar 2016"]
[Site "Zadar"]
[Date "2016.12.14"]
[Round "6.15"]
[White "Burovic, Rijad"]
[Black "Plenca, Jadranko"]
[Result "0-1"]
[WhiteElo "2302"]
[BlackElo "2415"]
[PlyCount "58"]
[EventDate "2016.12.11"]
[EventCountry "CRO"]
[WhiteClock "0:00:26"]
[BlackClock "0:00:01"]

1. e4 e5 2. f4 exf4 3. Bc4 c6 4. d4 d5 5. exd5 cxd5 6. Bb5+ Nc6 7. Bxf4 Qb6 8.
Nc3 Bb4 9. Bxc6+ Qxc6 10. Nge2 Bg4 11. Qd3 Ne7 12. O-O O-O 13. a3 Ba5 14. Bg5
f6 15. Bd2 Rac8 16. Rae1 Rfe8 17. Kh1 Qc4 18. Nf4 Qxd3 19. Nxd3 Bb6 20. Nb5
Rxc2 21. Nd6 Rd8 22. Nxb7 Rb8 23. Rxe7 Rxd2 24. Nf4 Bxd4 25. h3 Rxb2 26. Nd6
Be5 27. hxg4 Rb1 28. Kg1 Rxf1+ 29. Kxf1 Bxd6 0-1

[Event "Open A Zadar 2016"]
[Site "Zadar"]
[Date "2016.12.14"]
[Round "6.16"]
[White "Mesaros, Florian"]
[Black "Zufic, Miroslav"]
[Result "1-0"]
[WhiteElo "2334"]
[BlackElo "2411"]
[PlyCount "137"]
[EventDate "2016.12.11"]
[EventCountry "CRO"]
[WhiteClock "0:00:02"]
[BlackClock "0:00:04"]

1. Nf3 Nf6 2. c4 e6 3. g3 d5 4. d4 Bb4+ 5. Bd2 Be7 6. Bg2 c6 7. Qc2 Nbd7 8. O-O
b6 9. Rd1 O-O 10. Bf4 Bb7 11. Nc3 Rc8 12. e4 dxc4 13. b3 cxb3 14. axb3 a6 15.
Qb2 Bb4 16. Na2 Be7 17. Nc3 Bb4 18. Nd2 c5 19. dxc5 e5 20. Bg5 Bxc5 21. Nf3 Qc7
22. Bh3 Bxf2+ 23. Qxf2 Qxc3 24. Bxd7 Nxd7 25. Rac1 Qxb3 26. Rxd7 Rxc1+ 27. Bxc1
Bxe4 28. Nxe5 Bd5 29. Qd4 Qc2 30. Qd2 Qc5+ 31. Qe3 Qb5 32. Qd3 Qxd3 33. Nxd3
Be4 34. Be3 f6 35. Nf2 Bf3 36. Bxb6 Rb8 37. Rd6 h5 38. Nd3 Re8 39. Kf2 Bg4 40.
Nf4 Rc8 41. Rd2 Rc3 42. Be3 h4 43. gxh4 Ra3 44. Rd8+ Kh7 45. Rd5 a5 46. Rd3
Rxd3 47. Nxd3 a4 48. Bc1 Bd7 49. Nf4 Bf5 50. Ke3 Kh6 51. Kd4 g5 52. Nd5 Kh5 53.
hxg5 fxg5 54. Ke5 Bc8 55. Kf6 Bb7 56. Nc3 Kg4 57. Bxg5 Kh3 58. Bf4 a3 59. Ke5
Bc8 60. Na2 Bd7 61. Nb4 Bc8 62. Kd4 Be6 63. Kc3 Bf7 64. Nc2 a2 65. Kb2 Bg8 66.
Nb4 Bf7 67. Nxa2 Bd5 68. Nc3 Bc6 69. Kc2 1-0

[Event "Open A Zadar 2016"]
[Site "Zadar"]
[Date "2016.12.14"]
[Round "6.17"]
[White "Glavas, Dragan"]
[Black "Schnider, Gert"]
[Result "1/2-1/2"]
[WhiteElo "2286"]
[BlackElo "2407"]
[PlyCount "105"]
[EventDate "2016.12.11"]
[EventCountry "CRO"]

1. d4 Nf6 2. c4 e6 3. Nc3 Bb4 4. e3 O-O 5. Bd3 d5 6. Nf3 c5 7. cxd5 exd5 8.
dxc5 Bg4 9. Be2 Nbd7 10. Bd2 Bxc5 11. Nd4 Ne5 12. O-O Bxd4 13. exd4 Bxe2 14.
Qxe2 Nc6 15. Bg5 Nxd4 16. Qd3 Ne6 17. Bxf6 Qxf6 18. Qxd5 b6 19. Rad1 Rac8 20.
Rfe1 h6 21. Qe5 Qe7 22. Qd6 Qxd6 23. Rxd6 Rfd8 24. Red1 Rxd6 25. Rxd6 Kf8 26.
Kf1 Ke7 27. Rd2 Rc5 28. g3 f5 29. f4 g5 30. fxg5 hxg5 31. Rd5 Rxd5 32. Nxd5+
Kd6 33. Nc3 Ke5 34. Kf2 Nd4 35. h3 b5 36. a3 a6 37. Ke3 Nb3 38. Nd1 Na5 39. h4
Nc4+ 40. Ke2 gxh4 41. gxh4 Kf4 42. Kd3 Kg4 43. b3 Nxa3 44. Ne3+ Kxh4 45. Nxf5+
Kg5 46. Nd6 Kf6 47. Ne4+ Ke5 48. Nc5 a5 49. Nb7 Kd5 50. Nxa5 Kc5 51. Nb7+ Kb4
52. Nd6 Kxb3 53. Nxb5 1/2-1/2

[Event "Open A Zadar 2016"]
[Site "Zadar"]
[Date "2016.12.14"]
[Round "6.18"]
[White "Jakic, Ivan"]
[Black "Reich, Thomas"]
[Result "1/2-1/2"]
[WhiteElo "2380"]
[BlackElo "2362"]
[PlyCount "122"]
[EventDate "2016.12.11"]
[EventCountry "CRO"]
[WhiteClock "0:00:56"]
[BlackClock "0:00:05"]

1. e4 c5 2. Nf3 g6 3. d4 cxd4 4. Nxd4 Bg7 5. c4 Nc6 6. Be3 Nf6 7. Nc3 O-O 8.
Be2 d6 9. O-O Bd7 10. Qd2 Nxd4 11. Bxd4 Bc6 12. f3 a5 13. Rfd1 Nd7 14. Be3 Nc5
15. b3 Qb6 16. Rab1 Qb4 17. Nb5 Bxb5 18. cxb5 Rfc8 19. Bc4 Qxd2 20. Rxd2 a4 21.
Bd5 e6 22. Bxc5 exd5 23. Bxd6 dxe4 24. fxe4 Rd8 25. Rbd1 axb3 26. axb3 Ra1 27.
Rxa1 Bxa1 28. Rd5 f6 29. b6 Kf7 30. Bc5 Rxd5 31. exd5 f5 32. Kf1 Kf6 33. Bd6 g5
34. Ke2 f4 35. Kd3 Kf5 36. Bf8 Bb2 37. d6 Ke6 38. Ke4 Bf6 39. Be7 Bxe7 40. dxe7
Kxe7 41. Kf5 h6 42. h3 Kf7 43. b4 Kg7 44. Ke6 h5 45. Kf5 Kh6 46. h4 gxh4 47.
Kxf4 Kg6 48. Ke5 Kg5 49. Kd6 Kg4 50. Kc7 Kg3 51. Kxb7 Kxg2 52. Kc7 h3 53. b7 h2
54. b8=Q h1=Q 55. Qb7+ Kg1 56. Qxh1+ Kxh1 57. b5 h4 58. b6 h3 59. b7 h2 60.
b8=Q Kg2 61. Qb7+ Kg1 1/2-1/2

[Event "Open A Zadar 2016"]
[Site "Zadar"]
[Date "2016.12.14"]
[Round "6.19"]
[White "Zelic, Mladen"]
[Black "Fercec, Nenad"]
[Result "0-1"]
[WhiteElo "2305"]
[BlackElo "2461"]
[PlyCount "68"]
[EventDate "2016.12.11"]
[EventCountry "CRO"]
[WhiteClock "0:00:11"]
[BlackClock "0:00:03"]

1. e4 e5 2. Nf3 Nc6 3. c3 d5 4. Qa4 Bd7 5. exd5 Nd4 6. Qd1 Nxf3+ 7. Qxf3 Bd6 8.
Bc4 b5 9. Bb3 Ne7 10. d4 exd4 11. Bf4 O-O 12. Bxd6 cxd6 13. O-O dxc3 14. Nxc3
Ng6 15. Ne4 f5 16. Nxd6 Qb6 17. Nf7 Kxf7 18. d6+ Kf6 19. Qc3+ Ne5 20. Kh1 Rac8
21. Qg3 g5 22. f4 gxf4 23. Qh4+ Kg6 24. Qxf4 Rce8 25. Rae1 Ng4 26. Re7 Rxe7 27.
dxe7 Rh8 28. h3 h5 29. Qd2 Qc7 30. Rf4 Nf6 31. Rd4 Rc8 32. Bd1 Be6 33. h4 Qxe7
34. Rd6 Ne4 0-1

[Event "Open A Zadar 2016"]
[Site "Zadar"]
[Date "2016.12.14"]
[Round "6.20"]
[White "Skomorokhin, Roman"]
[Black "Blazeka, Matej"]
[Result "0-1"]
[WhiteElo "2414"]
[BlackElo "2284"]
[PlyCount "92"]
[EventDate "2016.12.11"]
[EventCountry "CRO"]
[WhiteClock "0:00:03"]
[BlackClock "0:00:01"]

1. d4 c5 2. d5 Nf6 3. c4 e6 4. Nc3 exd5 5. cxd5 d6 6. Nf3 g6 7. Nd2 Na6 8. Nc4
Nc7 9. a4 b6 10. e4 Bb7 11. Be2 h5 12. Bf4 h4 13. h3 Ba6 14. O-O Bxc4 15. Bxc4
Nh5 16. Bh2 Bg7 17. Bb5+ Nxb5 18. Nxb5 Be5 19. f4 Bxb2 20. Ra2 Bg7 21. e5 dxe5
22. fxe5 O-O 23. d6 Qg5 24. Re2 Ng3 25. Bxg3 hxg3 26. Nc7 Rad8 27. Qd5 Rd7 28.
a5 Rfd8 29. axb6 axb6 30. Kh1 Rxc7 31. dxc7 Rxd5 32. c8=Q+ Kh7 33. Qb7 Qf5 34.
Rfe1 Qd3 35. Ra2 Rxe5 36. Rg1 Qd4 37. Raa1 Qd5 38. Qxd5 Rxd5 39. Rab1 Rd6 40.
Rgf1 f5 41. Rf3 c4 42. Rxg3 c3 43. Re3 c2 44. Rc1 Rd1+ 45. Re1 Rxe1+ 46. Rxe1
Bh6 0-1

[Event "Open A Zadar 2016"]
[Site "Zadar"]
[Date "2016.12.14"]
[Round "6.21"]
[White "Samani, Yamac"]
[Black "Plenca, Julijan"]
[Result "1/2-1/2"]
[WhiteElo "2265"]
[BlackElo "2411"]
[PlyCount "80"]
[EventDate "2016.12.11"]
[EventCountry "CRO"]

1. e4 c5 2. Nf3 d6 3. d4 cxd4 4. Nxd4 Nf6 5. Nc3 g6 6. Be3 Bg7 7. f3 O-O 8. Qd2
Nc6 9. O-O-O d5 10. Qe1 e5 11. Nxc6 bxc6 12. exd5 Nxd5 13. Bc4 Be6 14. Kb1
Nxc3+ 15. Qxc3 Qe7 16. Bb3 Bxb3 17. axb3 Qc7 18. h4 h6 19. h5 g5 20. Qc4 a5 21.
Bc5 Rfd8 22. Qe4 Qb7 23. Bd6 Qb5 24. Qc4 a4 25. Qxb5 cxb5 26. bxa4 Rxa4 27. c3
e4 28. Bb4 Rxd1+ 29. Rxd1 exf3 30. Rd8+ Kh7 31. gxf3 Ra6 32. Rd6 Rxd6 33. Bxd6
f5 34. Kc2 Kg8 35. Kd3 Kf7 36. Bc5 Be5 37. b3 g4 38. fxg4 fxg4 39. Ke4 Bxc3 40.
Kf4 Ke6 1/2-1/2

[Event "Open A Zadar 2016"]
[Site "Zadar"]
[Date "2016.12.14"]
[Round "6.22"]
[White "Bilobrk, Franjo"]
[Black "De Francesco, Klaus"]
[Result "1-0"]
[WhiteElo "2354"]
[BlackElo "2257"]
[PlyCount "123"]
[EventDate "2016.12.11"]
[EventCountry "CRO"]

1. Nf3 Nf6 2. c4 e6 3. d4 d5 4. Nc3 c6 5. e3 a6 6. a3 dxc4 7. Bxc4 b5 8. Bd3 c5
9. O-O Nbd7 10. Qe2 Bb7 11. Rd1 Qb6 12. Ne5 Nxe5 13. dxe5 Nd7 14. f4 c4 15. Bc2
Nc5 16. Bd2 Be7 17. Be1 O-O 18. Bf2 Qc6 19. e4 a5 20. Rac1 b4 21. Nd5 exd5 22.
exd5 Qa6 23. d6 Qc6 24. Qf3 Qb5 25. Qh3 g6 26. dxe7 Rfe8 27. Bh4 Ne6 28. Qe3 c3
29. bxc3 b3 30. Bd3 Qc6 31. Bf1 Qa4 32. c4 Ng7 33. Rb1 Nf5 34. Qxb3 Qxb3 35.
Rxb3 Bc6 36. Rh3 Nxh4 37. Rxh4 Rxe7 38. Rh3 Rb8 39. Rhd3 Rb2 40. R1d2 Rb1 41.
Kf2 Reb7 42. Rd6 Rc7 43. Be2 Ra1 44. R6d3 Rb7 45. Bf3 Bxf3 46. Kxf3 Rc1 47. Rd4
Kf8 48. Ke4 Ke7 49. Kd5 Rc7 50. g4 Rc3 51. f5 Rxa3 52. f6+ Kd7 53. Ke4+ Kc8 54.
Rd8+ Kb7 55. R2d7 Ra1 56. Rxc7+ Kxc7 57. Rf8 Re1+ 58. Kd5 Rd1+ 59. Kc5 Rd7 60.
e6 fxe6 61. f7 Kb7 62. Rb8+ 1-0

[Event "Open A Zadar 2016"]
[Site "Zadar"]
[Date "2016.12.14"]
[Round "6.23"]
[White "Sahil, Tickoo"]
[Black "Cebalo, Miso"]
[Result "1/2-1/2"]
[WhiteElo "2165"]
[BlackElo "2333"]
[PlyCount "25"]
[EventDate "2016.12.11"]
[EventCountry "CRO"]
[WhiteClock "0:01:16"]
[BlackClock "0:01:03"]

1. d4 Nf6 2. Nc3 d5 3. Bg5 Bf5 4. Bxf6 exf6 5. e3 c6 6. Bd3 Bg6 7. Qf3 Bb4 8.
Nge2 O-O 9. h4 Re8 10. Bxg6 fxg6 11. h5 g5 12. a3 Bxc3+ 13. Nxc3 1/2-1/2

[Event "Open A Zadar 2016"]
[Site "Zadar"]
[Date "2016.12.14"]
[Round "6.24"]
[White "Krstulovic, Alex"]
[Black "Biliskov, Vjekoslav"]
[Result "1-0"]
[WhiteElo "2258"]
[BlackElo "2314"]
[PlyCount "78"]
[EventDate "2016.12.11"]
[EventCountry "CRO"]

1. d4 c5 2. d5 g6 3. c4 Bg7 4. e4 d6 5. Nc3 e6 6. Be2 exd5 7. exd5 Nf6 8. Bg5
h6 9. Be3 O-O 10. h3 Na6 11. Nf3 Nc7 12. O-O a6 13. a4 Bf5 14. g4 Bd7 15. Qd2
Kh7 16. Kg2 b5 17. Bd3 bxc4 18. Bxc4 Rb8 19. b3 Nfe8 20. Rae1 f5 21. gxf5 Bxf5
22. Ng1 Nf6 23. Bf4 Qd7 24. Re2 g5 25. Bg3 Nh5 26. Rfe1 Rf7 27. Ne4 Nf4+ 28.
Bxf4 gxf4 29. Qd3 Rg8 30. Kh2 Kh8 31. Qf3 Kh7 32. Qh5 Bf8 33. Bd3 Nxd5 34. Nf3
Rfg7 35. Nf6+ Nxf6 36. Bxf5+ Kh8 37. Qxh6+ Rh7 38. Qxf6+ Qg7 39. Qxg7+ Rhxg7
1-0

[Event "Open A Zadar 2016"]
[Site "Zadar"]
[Date "2016.12.14"]
[Round "6.25"]
[White "Muha, Miljenko"]
[Black "Marjanovic, Dejan"]
[Result "1/2-1/2"]
[WhiteElo "2258"]
[BlackElo "2439"]
[PlyCount "64"]
[EventDate "2016.12.11"]
[EventCountry "CRO"]
[WhiteClock "0:00:05"]
[BlackClock "0:00:27"]

1. d4 d5 2. g3 Nf6 3. Bg2 g6 4. Nf3 Bg7 5. O-O O-O 6. c4 c6 7. Ne5 dxc4 8. Na3
Be6 9. Naxc4 Qc8 10. Qd3 Rd8 11. e3 Nbd7 12. Qa3 Nxe5 13. Nxe5 Nd7 14. Nd3 Bc4
15. Rd1 e5 16. Qc3 Bxd3 17. Qxd3 exd4 18. exd4 Nb6 19. Be3 Qe6 20. Qa3 Nd5 21.
Re1 Qd6 22. Qb3 Rd7 23. Rad1 h5 24. Bg5 Rf8 25. Bh3 f5 26. Bf4 Qf6 27. Be5 Qf7
28. f4 Rfd8 29. Bg2 Nb6 30. Qxf7+ Kxf7 31. Bf3 Nd5 32. Bxg7 Kxg7 1/2-1/2